000 00652nam a2200229 a 4500
008
020 _a0749401494 (pbk.)
049 _aMAIN
090 _aHF5415.2
_bBIR
100 1 _aBirn, Robin.
245 1 0 _aThe effective use of market research :
_ba guide for management /
_cRobin Birn.
250 _aRev. and updated ed.
260 _aLondon :
_bKogan,
_cc1990.
300 _a169 p. :
_bill. ;
_c24 cm.
500 _aIncludes index.
650 0 _aMarket research.
907 _a.b10282440
_b20-09-10
_c06-09-10
003
005 20230123125042.0
040 _cNUST
942 _cBOOKS
_kHF5415.2
_mBIR
999 _c134860
_d134860